Visualizzazione normale
Vista MARC
- Cutrino M., Fiocchi F., Antonacci F
di Personal Name
Records bibliografici associati: 1
001 - CONTROL NUMBER
- control field: 62864
003 - CONTROL NUMBER IDENTIFIER
- control field:
005 - DATE AND TIME OF LATEST TRANSACTION
- control field: 20251205115446.0
008 - FIXED-LENGTH DATA ELEMENTS
- fixed length control field: 251205|| aca||aabn | a|a d
040 ## - CATALOGING SOURCE
- Original cataloging agency:
- Transcribing agency:
100 ## - HEADING--PERSONAL NAME
- Personal name: Cutrino M., Fiocchi F., Antonacci F
670 ## - SOURCE DATA FOUND
- Source citation: Work cat.: ()234728: Rizzardi Filippo (et al.) 56154, Giocattoli. Anche un peluche prepara alla vita, 2025